000 00807nam a2200241Ia 4500
003 OSt
005 20220923211250.0
006 a|||||r|||| 00| 0
007 ta
008 Pun
020 _a9788178564821 (hbk)
_c250
024 _a327,924
037 _b1011, 25/01/2018, H.K. Prakashan
_cTextual
040 _aARTS
_cARTS
_bPun
041 _2Pun
_aPun
082 _aNS4443, 153Q7
100 _aਜੋFੀ, ਜੀਤ ਸਿੰਘ, ਂਚ.
_9160103
245 0 _aਪੰਜਾਬ ਦੇ ਲੋਕ ਨਾਚ
260 _aਅੰਮ੍ਰਿਤਸਰ
_b ਵਾਰਿF Fਾਹ ਖ਼ਾਉ੍ਵਡੇFਨ
_c2017
300 _a128ਪ੍ਰ0
_ccm.
942 _hNS4443, 153Q7
_cTEXL
_2CC
999 _c297935
_d297935